|
|
|
|
| LEADER |
01267nam a22002897a 4500 |
| 001 |
34509 |
| 003 |
BD-DhAAL |
| 005 |
20211207130420.0 |
| 008 |
190409t2010 ge a|||| b||| 001 0 eng d |
| 999 |
|
|
|c 40657
|d 40657
|
| 020 |
|
|
|a 9783639241563
|
| 040 |
|
|
|a BD-DhAAL
|
| 082 |
|
|
|2 20
|a 330
|
| 100 |
|
|
|a Amin , ATM Nurul
|9 31151
|
| 245 |
|
|
|a The informal sector in asia :
|b public policy and actions toward decent work /
|c ATM Nurul Amin
|
| 260 |
|
|
|a Germany :
|b VDM Verlag Dr. Müller,
|c 2010
|
| 300 |
|
|
|a vi, 126 pages :
|b illustrations ;
|c 23 cm.
|
| 526 |
|
|
|a ESS
|
| 541 |
|
|
|a Karim International
|e 34509, 34510
|
| 650 |
|
|
|a Informal sector (Economics)
|z Asia
|9 31152
|
| 650 |
|
|
|a Informal sector (Economics)
|9 31153
|
| 650 |
|
|
|a Informal sector (Economics)
|z Bangladesh
|9 31154
|
| 650 |
|
|
|a Economics.
|9 43528
|
| 852 |
|
|
|a Ayesha Abed Library
|c General Stacks
|
| 942 |
|
|
|2 ddc
|c BK
|
| 952 |
|
|
|0 0
|1 0
|2 ddc
|4 0
|6 330_000000000000000_AMI
|7 0
|9 65278
|a BRACUL
|b BRACUL
|c GEN
|d 2019-03-18
|e Karim International
|g 8900.00
|l 0
|o 330 AMI
|p 3010034509
|r 2019-03-18
|t 1
|v 8900.00
|w 2019-03-18
|y BK
|
| 952 |
|
|
|0 0
|1 0
|2 ddc
|4 0
|6 330_000000000000000_AMI
|7 0
|9 65279
|a BRACUL
|b BRACUL
|c GEN
|d 2019-03-18
|e Karim International
|g 8900.00
|l 1
|m 1
|o 330 AMI
|p 3010034510
|r 2019-10-20
|s 2019-05-29
|t 2
|v 8900.00
|w 2019-03-18
|y BK
|